书目信息 |
| 题名: |
除尘工程设计手册
|
|
| 作者: | 张殿印 , 王纯 主编 | |
| 分册: | ||
| 出版信息: | 北京 化学工业出版社 2021.1 |
|
| 页数: | 942页 | |
| 开本: | 26cm | |
| 丛书名: | ||
| 单 册: | ||
| 中图分类: | X513 | |
| 科图分类: | ||
| 主题词: | 除尘--设计--手册 | |
| 电子资源: | ||
| ISBN: | 978-7-122-33857-0 | |
| 000 | 00915nam0 2200253 45 | |
| 001 | 012001001820 | |
| 005 | 20211013152622.97 | |
| 010 | @a978-7-122-33857-0@b精装@dCNY298.00 | |
| 100 | @a20210629d2021 em y0chiy50 ea | |
| 101 | 0 | @achi |
| 102 | @aCN@b110000 | |
| 105 | @aa z 000yy | |
| 106 | @ar | |
| 200 | 1 | @a除尘工程设计手册@Achu chen gong cheng she ji shou ce@b专著@f张殿印,王纯主编 |
| 205 | @a3版 | |
| 210 | @a北京@c化学工业出版社@d2021.1 | |
| 215 | @a942页@c图@d26cm | |
| 330 | @a本书共十三章,内容包括除尘工程设计常用数表,除尘工程设计标准,尘源控制与集气吸尘罩设计,除尘器的设计与选型,输灰、润滑和压缩空气系统设计,除尘系统设计,高温烟气冷却降温与管道设计,通风机分类、性能分析及选用等。 | |
| 606 | 0 | @a除尘@x设计@j手册 |
| 690 | @aX513@v5 | |
| 701 | 0 | @a张殿印@Azhang dian yin@4主编 |
| 701 | 0 | @a王纯@Awang chun@4主编 |
| 801 | 0 | @aCN@bBJSDL@c20211011 |
| 905 | @b1337343-5@dX513@e256=3@f3 | |
| 除尘工程设计手册/张殿印,王纯主编.-3版.-北京:化学工业出版社,2021.1 |
| 942页:图;26cm |
| ISBN 978-7-122-33857-0(精装):CNY298.00 |
| 本书共十三章,内容包括除尘工程设计常用数表,除尘工程设计标准,尘源控制与集气吸尘罩设计,除尘器的设计与选型,输灰、润滑和压缩空气系统设计,除尘系统设计,高温烟气冷却降温与管道设计,通风机分类、性能分析及选用等。 |
| ● |
| 相关链接 |
|
|
|
|
正题名:除尘工程设计手册
索取号:X513/256=3
 
预约/预借
| 序号 | 登录号 | 条形码 | 馆藏地/架位号 | 状态 | 备注 |
| 1 | 1337343 | 213373437 | 第二样本阅览室/ [索取号:X513/256=3] | 在馆 | |
| 2 | 1337344 | 213373446 | 第三借阅区/ [索取号:X513/256=3] | 在馆 | |
| 3 | 1337345 | 213373455 | 第三借阅区/ [索取号:X513/256=3] | 在馆 |